000 01026nam a2200253Ia 4500
008 240327s2024 sp 000 0 spa d
041 _aspa
100 1 _938536
_aSAZ CAMPOS, Ismael
245 1 3 _aEl nacionalismo, nexo y núcleo de la extrema derecha
_b: hay elementos paradigmáticos y transversales en la ultraderecha española
_c/ Ismael Saz
260 _a[Madrid] :
_bFundación 1º de Mayo : ISTAS, Instituto Sindical de Trabajo, Ambiente y Salud,
_c2024
300 _a[3] p. ;
_c30 cm
500 _aEn: PorExperiencia : Revista de Salud Laboral de ISTAS-CCOO, Anuario (2023), págs. 46-48
650 0 _aIDEOLOGIA POLITICA
_91711
650 0 _aNACIONALISMO
_9995
650 0 _aDEMOCRACIA
_9387
650 0 _aVIOLENCIA
_92442
650 0 _aDERECHOS HUMANOS
_92569
650 0 _aPOLITICA
_9547
710 _aISTAS
_cEspaña
_916845
710 _aFUNDACION 1º DE MAYO
_cMadrid
_9329
856 _zPDF
_uhttps://docpublicos.ccoo.es/cendoc/067745NacionalismoNexo.pdf
907 _aPolítica
942 _cDOCU_ELEC
_2ddc
_n0
999 _c59264
_d59264